All Country Flags Featuring A Bird - Statistics

General Stats
  • This quiz has been taken 29 times
    28 since last reset
  • The average score is 12 of 17
Answer Stats
Hint Answer % Correct
Flag of Mexico Mexico
92%
Flag of Albania Albania
88%
Flag of Serbia Serbia
83%
Flag of Dominica Dominica
79%
Flag of Kazakhstan Kazakhstan
79%
Flag of Moldova Moldova
79%
Papua New Guinea
79%
Flag of Ecuador Ecuador
67%
Flag of Egypt Egypt
67%
Flag of Uganda Uganda
67%
Flag of Zambia Zambia
67%
Zimbabwe
67%
Flag of Montenegro Montenegro
63%
Flag of Fiji Fiji
58%
Flag of Guatemala Guatemala
58%
Flag of Kiribati Kiribati
58%
Flag of Bolivia Bolivia
38%
No matching quizzes found
Score Distribution
Percent of People with Each Score
Percentile by Number Answered
Your Score History
You have not taken this quiz since the last reset